Review of natural rubber latex protein allergy (Record no. 66954)

MARC details
000 -LEADER
fixed length control field 00496nam a2200169Ia 4500
100 ## - MAIN ENTRY--AUTHOR NAME
Personal name Hamann C P
245 #0 - TITLE STATEMENT
Title Review of natural rubber latex protein allergy
260 ## - PUBLICATION, DISTRIBUTION, ETC. (IMPRINT)
Name of publisher Proceedings of the Conference on International Rubber Technology, Kuala Lumpur, 1993
Year of publication 1993
300 ## - PHYSICAL DESCRIPTION
Number of Pages 26-Jan
500 ## - GENERAL NOTE
General note Source Year: 1995
650 ## - SUBJECT ADDED ENTRY--TOPICAL TERM
Topical Term Latex protein
650 ## - SUBJECT ADDED ENTRY--TOPICAL TERM
Topical Term Natural rubber
650 ## - SUBJECT ADDED ENTRY--TOPICAL TERM
Topical Term Protein allergy
856 ## - ELECTRONIC LOCATION AND ACCESS
Uniform Resource Identifier IRRDB
942 ## - ADDED ENTRY ELEMENTS (KOHA)
Koha item type Journals
Holdings
Withdrawn status Lost status Damaged status Not for loan Home library Current library Shelving location Date acquired Serial Enumeration / chronology Koha item type
      Journals RRII Library RRII Library Rubber chemistry 17/12/2021 Volume 4, Issue 1 Journals